| 000 | 01575cam a2200433 i 4500 | ||
|---|---|---|---|
| 001 | 19519833 | ||
| 003 | OSt | ||
| 005 | 20231205153632.0 | ||
| 008 | 170223s2016 enkab b 001 0 eng d | ||
| 010 | _a 2016498896 | ||
| 020 | _a1138188794 | ||
| 020 | _a9781138188792 (pbk) | ||
| 020 | _z9781315642086 (ebk) | ||
| 035 | _a(OCoLC)ocn921864248 | ||
| 040 |
_aYDXCP _beng _cYDXCP _dBTCTA _dBDX _dOCLCQ _dORC _dOCLCF _dDLC _erda |
||
| 042 | _alccopycat | ||
| 050 | 0 | 0 |
_aCC165 _b.F24 2016 |
| 082 | 0 | 0 |
_a930.1 _bFAG/A |
| 100 | 1 |
_aFagan, Brian M. _eauthor. _910049 |
|
| 245 | 1 | 0 |
_aAncient lives : _ban introduction to archaeology and prehistory / _cBrian M. Fagan. |
| 250 | _aSixth edition. | ||
| 264 | 1 |
_aLondon : _bRoutledge, Taylor & Francis Group, _c2016. |
|
| 300 |
_axxvii, 558 pages : _billustrations, maps ; _c26 cm |
||
| 336 |
_atext _btxt _2rdacontent |
||
| 337 |
_aunmediated _bn _2rdamedia |
||
| 338 |
_avolume _bnc _2rdacarrier |
||
| 504 | _aIncludes bibliographical references and index. | ||
| 650 | 0 | _aArchaeology. | |
| 650 | 0 | _aAntiquities. | |
| 650 | 0 | _aExcavations (Archaeology) | |
| 650 | 0 | _aPrehistoric peoples. | |
| 650 | 7 |
_aAntiquities. _2fast _0(OCoLC)fst00810745 |
|
| 650 | 7 |
_aArchaeology. _2fast _0(OCoLC)fst00812938 |
|
| 650 | 7 |
_aExcavations (Archaeology) _2fast _0(OCoLC)fst00917564 |
|
| 650 | 7 |
_aPrehistoric peoples. _2fast _0(OCoLC)fst01075242 |
|
| 906 |
_a7 _bcbc _ccopycat _d2 _encip _f20 _gy-gencatlg |
||
| 942 |
_2ddc _cBK _h930.1 _iFAG/A _k930.1 _mFAG/A |
||
| 999 |
_c43793 _d43793 |
||